00319pab a2200121 454500008004000000100001800040245006400058260000900122300000900131362001200140650003000152773001500182180718b1990 xxu||||| |||| 00| 0 eng d aSahay, Vikant aStates with special stutusbA case study of Jammu & Kashmir c1990 a20-2 a28 Jul. aConsitutional Law - India aMainstream